Finis les paroles - JUL - Statistiques

Statistiques générales
  • Ce quiz a été pris 3 462 fois
    3 174 depuis la dernière actualisation
  • Le résultat moyen est 7 sur 10
Statistiques - réponses
Hint Réponse % Correct
Nous deux c'est mort j'l'ai vu dans tes..... yeux
95%
Allez, viens on recommence à zéro On oublie tout j'débloque ton... numéro
93%
Je me dis que la vie est courte, on partira tous un jour,alors j’m’en tape de vos.... discours
86%
Ça veut l'port d'armes Les gros bras d'Jean Claude.... Van Damme
79%
Le pochon est caché dans les........ cheveux
75%
Quand tu vas pas mon cœur bat pas Mama, t’es ma vie, t’es mon.... sang
74%
En claquettes dans la zone, j'fais chanter tout l'... Vélodrome
68%
Ça fait longtemps que j'avais pas sorti.... Maria
63%
Ta mère c'est de l'or, ne la fais pas pleurer pour de l' argent
61%
Elle fait tout le temps sa jalouse Tout le temps elle te.... boude
55%
Aucun quiz correspondant
Distribution des résultats
% des personnes avec chaque résultat
Percentile par nombre de réponses
Votre historique - résultats
Vous n’avez pas pris ce quiz depuis la dernière actualisation